000 00295nam a22001337a 4500
008 170607b xxu||||| |||| 00| 0 eng d
020 _a0256027390
041 _aeng
080 _a32
100 _a18
101 _aSHP
245 _aPOLITICAL THOUGHT IN AMERICA
_cLEVY.M.B
942 _2udc
_cBK
999 _c16223
_d16223